Desde el fin del mundo- Duki - Estadísticas

Estadísticas generales
  • Esta prueba ha sido intentada 110 veces
  • La puntuación promedio es 13 de 18
Estadísticas de respuestas
Hint Respuesta % Correcto
Ft. YSY A, Neo Pistea Pintao
93%
Ft. Bizarrap Malbec
91%
Ft. Lara91k Sol
90%
Ft. Asan Luna
88%
Ft. Khea Muriendome
78%
Cascada
73%
Ft. Lucho SSJ, Fariana Cuanto
71%
Sudor y Trabajo
71%
Volando Bajito
70%
Chico Estrella
69%
Ft. Ca7riel Muero de Fiesta Este Finde
69%
Ticket
69%
Ft. Pablo Chill-e, Obie Wanshot, Neo Pistea, Juliano Sosa, Young Cister Fifty Fifty
68%
Ft. Pekeño77, Mesita, Franux bb, 44 Kid Ella es mi bitch
64%
Ft. Tobi Valentino
63%
I dont know
61%
Rapido
56%
Mi Diablo
55%
No se encontraron pruebas coincidentes
Distribución de puntuación
Porcentaje de gente con cada puntuación
Porcentaje por número respondido
Historial de tus puntuaciones
No has intentado esta prueba.